000
00283nam a22001217a 4500
082
_a
900
_b
CHO/I
100
_a
CHOPRA, P.N
245
_a
INDIA'S STRUGGLE FOR FREEDOM
260
_a
DELHI
_b
OUBLICATIONS DIVISION
_c
1984
300
_a
69
650
_a
HISTORY REFERENCE
_z
INDIA
942
_c
BK
999
_c
1598
_d
1598